|
|
|
|
| LEADER |
00771nab a2200193 i 4500 |
| 001 |
acta21707 |
| 005 |
20210526162544.0 |
| 008 |
161015s1969 hu o 0|| eng d |
| 022 |
|
|
|a 0563-0592
|
| 040 |
|
|
|a SZTE Egyetemi Kiadványok Repozitórium
|b hun
|
| 041 |
|
|
|a eng
|
| 100 |
1 |
|
|a Köves Erzsébet
|
| 245 |
1 |
0 |
|a Relationship between plant growth regulation and phosphorylation processes. II. Influence of plant growth substances on metabolism of the phosphorus compounds in plant tissues
|h [elektronikus dokumentum] /
|c Köves Erzsébet
|
| 260 |
|
|
|c 1969
|
| 300 |
|
|
|a 57-64
|
| 490 |
0 |
|
|a Acta biologica
|v 15 No. 1-4
|
| 695 |
|
|
|a Természettudomány
|
| 700 |
0 |
1 |
|a Sirokmán Ferenc
|e aut
|
| 856 |
4 |
0 |
|u http://acta.bibl.u-szeged.hu/21707/1/biologica_015_057-064.pdf
|z Dokumentum-elérés
|